Ekonomický rast a zamestnanosť

Vzťah medzi hospodárskym rastom a zamestnanosťou respektíve nezamestnanosťou. Táto závislosť je testovaná na dátach Európskej únie. V prvej časti príspevku sa analyzuje vývoj ekonomického rastu v Európe, druhá časť sa zaoberá problémom nezamestnanosti, vzťah medzi ekonomickým rastom a zamestnanosťou...

Descripción completa

Guardado en:
Detalles Bibliográficos
Autor principal: Leško, Peter, 1989-
Formato: Capítulo de libro
Lenguaje:eslovaco
Materias:
Etiquetas: Agregar Etiqueta
Sin Etiquetas, Sea el primero en etiquetar este registro!

MARC

LEADER 00000nla a2200000 4500
001 0179482
005 20240502073041.3
041 0 |a slo 
044 |a SK 
245 1 0 |a Ekonomický rast a zamestnanosť  |c Peter Leško 
520 |a Vzťah medzi hospodárskym rastom a zamestnanosťou respektíve nezamestnanosťou. Táto závislosť je testovaná na dátach Európskej únie. V prvej časti príspevku sa analyzuje vývoj ekonomického rastu v Európe, druhá časť sa zaoberá problémom nezamestnanosti, vzťah medzi ekonomickým rastom a zamestnanosťou je predmetom tretej časti. V závere autor poukazuje na silnú väzbu hospodárskeho rastu a zamestnanosti (nezamestnanosti), a tiež na dôležité problémy Európskej únie ako je nízka miera hospodárskeho rastu spolu s historicky najvyššou mierou nezamestnanosti. 
610 2 0 |a rast hospodársky 
610 2 0 |a zamestnanosť 
610 2 0 |a nezamestnanosť 
610 2 0 |a eurozóna 
100 1 |a Leško, Peter, 1989-